=LDR 00000nam 2200000 4500 =001 INLIS000000000059574 =005 20211117075219 =035 ##$$a 0010-1121000311 =007 ta =008 211117###########################0#ind## =020 ##$$a 978-602-95752-0-0 =082 ##$$a 899.221 3 =084 ##$$a 899.221 3 Dav k =245 1#$$a Kisah tragis Oei Hui Lan : $b Putri Orang terkaya di Indonesia /$c Davodar Agnes =250 ##$$a cet 9 =300 ##$$a 310 halaman : $b ilustrasi ; $c 20 cm =650 #4$$a Fiksi Indonesia - Sejarah =264 ##$$a Jakarta :$b Inti Book,$c 2009 =336 ##$$a teks$2 rdacontent =337 ##$$a lain-lain$2 rdamedia =338 ##$$a lain-lain$2 rdacarrier =990 ##$$a 30523052